000 00273nam a2200121 a 4500
008 110613s1981|||| d
100 1 _aHanzdo, Ivan
245 1 0 _aNaozaj na zdravie?
260 _bSmena
_aBratislava
_c1981
020 _c8
041 _aslo
044 _axo
_cSK
999 _c19758
_d19758